000 00601cac a2200205 a 4500
003 CO-PeBPM
005 20250701214028.0
008 250701e1983 |||||||| |||| 00| 0 spa d
040 0 _aCO-PeBPM
_bspa
_cCO-PeBPM
_erda
041 0 _aspa
082 0 4 _a301 T454a
100 1 _aLouis Vincent, Thomas
_eautor
245 1 0 _aAntropología de la muerte
_c/ Thomas Louis Vicente
260 _aMéxico
_bFondo de Cultura Económica
_c1983
300 _a299 Páginas
_c; 23 centímetros
500 _aIncluye índice
650 _a Antropología social
_2LEMB
650 _aMuerte
_2LEMB
942 _2ddc
_cBK
_n0
999 _c60981
_d60981